Il Maestro e Margherita /

সংরক্ষণ করুন:
গ্রন্থ-পঞ্জীর বিবরন
প্রধান লেখক: Bulgakov, Mihail Afanasʹevič
বিন্যাস: গ্রন্থ
ভাষা:অজানা বা ভুল ভাষা
প্রকাশিত: Einuadi
ট্যাগগুলো: ট্যাগ যুক্ত করুন
কোনো ট্যাগ নেই, প্রথমজন হিসাবে ট্যাগ করুন!

MARC

LEADER 00000nam a2200000Ia 4500
001 R-654
003 CODICE-MESSINA
005 20260505153744.0
008 260211s9999 xx 000 0 und d
040 |c importazione_messina 
100 |a Bulgakov, Mihail Afanasʹevič 
245 0 |a Il Maestro e Margherita /  |c Michail Bulgakov 
260 |b Einuadi 
942 |2 ddc  |c BK 
952 |0 0  |1 0  |2 ddc  |4 0  |6 SCAFFALE_6_000000000000000__ROMANZI  |7 0  |9 31477  |a ME  |b ME  |d 2026-02-11  |l 0  |o SCAFFALE 6 - ROMANZI  |p R-654  |r 2026-02-11 23:52:35  |w 2026-02-11  |x [REVISIONARE]  |y BK 
999 |c 27142  |d 27142